Loading...
| Fine Arts - Classical Music and Opera | 5 | 20.00 | 80% | 80% | 40% |
| Fine Arts - Other Arts | 7 | 12.86 | 86% | 29% | 14% |
| Fine Arts - Painting and Sculpture | 8 | 12.50 | 75% | 50% | 0% |
| Geography | 4 | 22.50 | 75% | 100% | 50% |
| History - American History | 5 | 14.00 | 100% | 40% | 0% |
| History - European History | 7 | 14.29 | 100% | 43% | 0% |
| History - Other History | 4 | 20.00 | 75% | 100% | 25% |
| History - World History | 6 | 15.00 | 100% | 50% | 0% |
| Literature - American Literature | 5 | 12.00 | 80% | 20% | 20% |
| Literature - British Literature | 5 | 8.00 | 60% | 20% | 0% |
| Literature - European Literature | 6 | 11.67 | 83% | 33% | 0% |
| Literature - World Literature | 6 | 11.67 | 83% | 33% | 0% |
| Modern World | 2 | 25.00 | 100% | 100% | 50% |
| Mythology | 4 | 12.50 | 100% | 25% | 0% |
| Other Academic | 1 | 20.00 | 100% | 100% | 0% |
| Other Culture | 2 | 5.00 | 50% | 0% | 0% |
| Other Science (Computer Science) | 2 | 10.00 | 100% | 0% | 0% |
| Other Science (Earth Science) | 2 | 10.00 | 50% | 0% | 50% |
| Other Science (Math) | 3 | 20.00 | 100% | 100% | 0% |
| Philosophy | 8 | 16.25 | 100% | 63% | 0% |
| Religion | 6 | 11.67 | 83% | 33% | 0% |
| Science - Biology | 5 | 14.00 | 100% | 20% | 20% |
| Science - Chemistry | 2 | 20.00 | 100% | 100% | 0% |
| Science - Physics | 1 | 20.00 | 100% | 100% | 0% |
| Social Science | 7 | 15.71 | 86% | 57% | 14% |